000
00353nam a2200145Ia 4500
001
3912
008
241024s9999 xx 000 0 und d
020
_a
978-9945-465-42-6
082
_a
RD/863.97293/J61s
100
_a
Josefina Jiménez
245
0
_a
Silfri y Ramón
260
_b
Ediciones CP
_c
2013
901
_a
29/1/2015 11:14:13 a.m.
999
_c
7767
_d
7767